[Event "49th Rilton Cup 2019-20"]
[Site "Stockholm"]
[Date "2020.01.02"]
[Round "6.22"]
[White "Valkama, Eero"]
[Black "Percivaldi, Martin"]
[Result "1/2-1/2"]
[WhiteElo "2249"]
[BlackElo "2386"]
[Annotator "ChessBase"]
[PlyCount "131"]
[EventDate "2019.12.27"]
[EventType "swiss"]
[EventCountry "SWE"]
[SourceTitle "playchess.com"]
[Source "ChessBase"]
[SourceQuality "1"]
[TimeControl "40/5400+30:1800+30"]

1. e4 {[%emt 0:00:00]} e6 {[%emt 0:01:17]} 2. d4 {[%emt 0:00:07]} d5 {[%emt 0:00:38]} 3. Nd2 {[%emt 0:00:06]} Be7 {[%emt 0:00:36]} 4. Bd3 {[%emt 0:00:12]} c5 {[%emt 0:00:21]} 5. dxc5 {[%emt 0:00:06]} Nf6 {[%emt 0:00:16]} 6. Qe2 {[%emt 0:00:11]} O-O {[%emt 0:00:21]} 7. Ngf3 {[%emt 0:00:04]} a5 {[%emt 0:00:11]} 8. O-O {[%emt 0:00:16]} Na6 {[%emt 0:00:15]} 9. e5 {[%emt 0:01:42]} Nd7 {[%emt 0:00:09]} 10. c4 {[%emt 0:00:13]} Ndxc5 {[%emt 0:00:24]} 11. Bb1 {[%emt 0:01:08]} Nb4 {[%emt 0:00:36]} 12. cxd5 {[%emt 0:05:03]} exd5 {[%emt 0:09:59]} 13. a3 {[%emt 0:10:39]} Nc6 {[%emt 0:02:26]} 14. Nb3 {[%emt 0:12:39]} Nxb3 {[%emt 0:09:45]} 15. Qc2 {[%emt 0:00:18]} Bf5 {[%emt 0:11:08]} 16. Qxb3 {[%emt 0:04:59]} a4 {[%emt 0:00:43]} 17. Qb5 {[%emt 0:02:00]} Be4 {[%emt 0:09:17]} 18. Qe2 {[%emt 0:12:13]} Bxb1 {[%emt 0:06:22]} 19. Rxb1 {[%emt 0:00:06]} d4 {[%emt 0:00:42]} 20. Rd1 {[%emt 0:08:13]} Qd5 {[%emt 0:04:27]} 21. Bf4 {[%emt 0:01:25]} Rfd8 {[%emt 0:00:54]} 22. Rd3 {[%emt 0:00:44]} h6 {[%emt 0:10:50]} 23. Rbd1 {[%emt 0:03:55]} Bc5 {[%emt 0:00:20]} 24. Re1 {[%emt 0:09:23]} Re8 {[%emt 0:02:57]} 25. Qd2 {[%emt 0:02:25]} Re6 {[%emt 0:02:09]} 26. h3 {[%emt 0:02:34]} Ra5 {[%emt 0:01:59]} 27. Qc2 {[%emt 0:01:10]} b5 {[%emt 0:05:18]} 28. Red1 {[%emt 0:05:06]} Qc4 {[%emt 0:05:07]} 29. Qe2 {[%emt 0:00:37]} b4 {[%emt 0:00:22]} 30. Qe4 {[%emt 0:02:04]} Bb6 {[%emt 0:00:51]} 31. axb4 {[%emt 0:04:36]} Rd5 {[%emt 0:04:33]} 32. Ra3 {[%emt 0:01:43]} Rd8 {[%emt 0:03:10]} 33. Rxa4 {[%emt 0:03:51]} Qb3 {[%emt 0:00:08]} 34. Rda1 {[%emt 0:01:02]} Qxb2 {[%emt 0:00:41]} 35. Rb1 {[%emt 0:02:16]} Qc3 {[%emt 0:00:19]} 36. b5 {[%emt 0:02:44]} Ne7 {[%emt 0:00:25]} 37. Ra8 {[%emt 0:00:35]} Rxa8 {[%emt 0:00:36]} 38. Qxa8+ {[%emt 0:00:02]} Kh7 {[%emt 0:00:36]} 39. Qe4+ {[%emt 0:00:07]} Kg8 {[%emt 0:02:55]} 40. Rd1 {[%emt 0:02:43]} f5 {[%emt 0:04:19]} 41. Qa8+ {[%emt 0:08:52]} Kf7 {[%emt 0:01:17]} 42. Qa2 {[%emt 0:00:07]} Qb4 {[%emt 0:00:28]} 43. h4 {[%emt 0:08:00]} d3 {[%emt 0:07:56]} 44. Be3 {[%emt 0:01:36]} Bxe3 {[%emt 0:00:34]} 45. fxe3 {[%emt 0:00:02]} Qe4 {[%emt 0:00:13]} 46. Kf2 {[%emt 0:05:37]} Nd5 {[%emt 0:01:09]} 47. Qa7+ {[%emt 0:02:17]} Kg6 {[%emt 0:02:58]} 48. Qd4 {[%emt 0:00:09]} Rb6 {[%emt 0:00:25]} 49. Rxd3 {[%emt 0:01:04]} Rxb5 {[%emt 0:01:15]} 50. Rd2 {[%emt 0:01:08]} Qxd4 {[%emt 0:02:14]} 51. Nxd4 {[%emt 0:06:11]} Rb7 {[%emt 0:02:22]} 52. Nxf5 {[%emt 0:00:43]} Kxf5 {[%emt 0:01:48]} 53. Rxd5 {[%emt 0:00:06]} Ke4 {[%emt 0:00:59]} 54. Rd4+ {[%emt 0:01:11]} Kxe5 {[%emt 0:00:05]} 55. Kf3 {[%emt 0:00:24]} Rf7+ {[%emt 0:00:19]} 56. Rf4 {[%emt 0:00:30]} Ra7 {[%emt 0:00:05]} 57. Kg4 {[%emt 0:00:26]} Ra3 {[%emt 0:06:21]} 58. Rf8 {[%emt 0:00:31]} Rxe3 {[%emt 0:00:45]} 59. Re8+ {[%emt 0:00:17]} Kd4 {[%emt 0:00:01]} 60. Rxe3 {[%emt 0:00:20]} Kxe3 {[%emt 0:00:01]} 61. Kf5 {[%emt 0:00:09]} Kf2 {[%emt 0:00:20]} 62. h5 {[%emt 0:01:19]} Kg3 {[%emt 0:00:11]} 63. Kg6 {[%emt 0:00:06]} Kh4 {[%emt 0:00:07]} 64. Kxg7 {[%emt 0:00:37]} Kxh5 {[%emt 0:00:08]} 65. g4+ {[%emt 0:00:12]} Kxg4 {[%emt 0:00:06]} 66. Kxh6 {[%emt 0:00:04]} 1/2-1/2

[Event "49th Rilton Cup 2019-20"]
[Site "Stockholm"]
[Date "2020.01.02"]
[Round "6.23"]
[White "Kaasen, Tor Fredrik"]
[Black "Ajay Krishna, S."]
[Result "1-0"]
[WhiteElo "2385"]
[BlackElo "2302"]
[Annotator "NA"]
[PlyCount "79"]
[EventDate "2019.12.27"]
[EventType "swiss"]
[EventCountry "SWE"]
[SourceTitle "playchess.com"]
[Source "ChessBase"]
[SourceQuality "1"]
[TimeControl "40/5400+30:1800+30"]

1. d4 {[%emt 0:03:16]} d5 {[%emt 0:00:00]} 2. c4 {[%emt 0:00:57]} e6 {[%emt 0:00:30]} 3. Nc3 {[%emt 0:01:18]} Bb4 {[%emt 0:00:30]} 4. cxd5 {[%emt 0:00:32]} exd5 {[%emt 0:00:30]} 5. Bf4 {[%emt 0:00:30]} c6 {[%emt 0:00:30]} 6. e3 {[%emt 0:00:52]} Ne7 {[%emt 0:03:21]} 7. Nge2 {[%emt 0:03:17]} O-O {[%emt 0:01:02]} 8. a3 {[%emt 0:02:23]} Bd6 {[%emt 0:00:42]} 9. Bxd6 {[%emt 0:02:05]} Qxd6 {[%emt 0:00:30]} 10. Ng3 {[%emt 0:00:30]} Nd7 {[%emt 0:06:14]} 11. Bd3 {[%emt 0:00:56]} f5 {[%emt 0:03:45]} 12. Qc2 {[%emt 0:05:52]} g6 {[%emt 0:02:14]} 13. Nce2 {[%emt 0:08:10]} Nf6 {[%emt 0:00:45]} 14. b4 {[%emt 0:04:14]} Be6 {[%emt 0:02:45]} 15. O-O {[%emt 0:01:51]} h5 {[%emt 0:02:41]} 16. Nf4 {[%emt 0:06:33]} Bf7 {[%emt 0:00:43]} 17. Rfc1 {[%emt 0:04:26]} Ne4 {[%emt 0:05:42]} 18. Be2 {[%emt 0:06:17]} h4 $11 {[%emt 0:07:55]} 19. Nxe4 {[%emt 0:03:21]} fxe4 {[%emt 0:00:30]} 20. b5 {[%emt 0:01:46]} Qf6 {[%emt 0:10:12]} 21. bxc6 {[%emt 0:03:06]} bxc6 {[%emt 0:04:33]} 22. Bg4 {[%emt 0:00:30]} Rab8 {[%emt 0:07:20]} 23. Rab1 {[%emt 0:00:50]} Rb6 {[%emt 0:01:09]} 24. Qa4 {[%emt 0:03:19]} Rfb8 {[%emt 0:08:12]} 25. Rb4 {[%emt 0:01:28]} Rxb4 {[%emt 0:02:33]} 26. axb4 {[%emt 0:00:35]} Qd6 {[%emt 0:02:08]} 27. Qxa7 {[%emt 0:07:50]} Rxb4 {[%emt 0:01:13]} 28. Nh3 {[%emt 0:02:55]} Rb2 {[%emt 0:03:02]} 29. Qd7 {[%emt 0:01:54]} Qb4 {[%emt 0:04:22]} 30. Be6 {[%emt 0:05:21]} Kg7 {[%emt 0:01:06]} 31. g3 {[%emt 0:00:49]} hxg3 {[%emt 0:05:25]} 32. hxg3 {[%emt 0:00:35]} Bxe6 {[%emt 0:08:08]} 33. Qxe6 {[%emt 0:00:30]} Rb1 {[%emt 0:00:35]} 34. Rxb1 {[%emt 0:01:11]} Qxb1+ {[%emt 0:00:30]} 35. Kg2 {[%emt 0:00:30]} Qb7 {[%emt 0:00:30]} 36. Ng5 {[%emt 0:02:09]} Nf5 {[%emt 0:03:01]} 37. Qe5+ {[%emt 0:01:51]} Kh6 {[%emt 0:00:30]} 38. Ne6 {[%emt 0:00:53]} Qc8 {[%emt 0:00:57]} 39. g4 {[%emt 0:00:50]} Qg8 {[%emt 0:01:18]} 40. Qh2+ {[%emt 0:00:30]} 1-0

[Event "49th Rilton Cup 2019-20"]
[Site "Stockholm"]
[Date "2020.01.02"]
[Round "6.24"]
[White "Valsecchi, Alessio"]
[Black "Chernyak, Viktoria"]
[Result "1-0"]
[WhiteElo "2503"]
[BlackElo "2284"]
[Annotator "ChessBase"]
[PlyCount "89"]
[EventDate "2019.12.27"]
[EventType "swiss"]
[EventCountry "SWE"]
[SourceTitle "playchess.com"]
[Source "ChessBase"]
[SourceQuality "1"]
[TimeControl "40/5400+30:1800+30"]

1. c4 {[%emt 0:00:00]} c6 {[%emt 0:00:00]} 2. Nf3 {[%emt 0:00:30]} d5 {[%emt 0:00:00]} 3. e3 {[%emt 0:00:45]} Nf6 {[%emt 0:00:07]} 4. Nc3 {[%emt 0:00:13]} g6 {[%emt 0:01:56]} 5. d4 {[%emt 0:02:17]} Bg7 {[%emt 0:00:11]} 6. Bd3 {[%emt 0:01:00]} O-O {[%emt 0:01:56]} 7. O-O {[%emt 0:00:10]} Be6 {[%emt 0:11:46]} 8. Qe2 {[%emt 0:07:06]} a5 {[%emt 0:06:15]} 9. Rd1 {[%emt 0:05:18]} Nbd7 {[%emt 0:10:28]} 10. h3 {[%emt 0:02:08]} Bf5 {[%emt 0:04:14]} 11. e4 {[%emt 0:03:33]} dxe4 {[%emt 0:00:29]} 12. Nxe4 {[%emt 0:00:09]} Nxe4 {[%emt 0:00:59]} 13. Bxe4 {[%emt 0:00:07]} Bxe4 {[%emt 0:00:05]} 14. Qxe4 {[%emt 0:00:07]} Nf6 {[%emt 0:02:58]} 15. Qe2 {[%emt 0:03:01]} a4 {[%emt 0:01:14]} 16. Bd2 {[%emt 0:02:39]} Re8 {[%emt 0:01:15]} 17. Bc3 {[%emt 0:01:33]} Qd7 {[%emt 0:02:58]} 18. Ne5 {[%emt 0:01:57]} Qf5 {[%emt 0:03:45]} 19. Re1 {[%emt 0:00:36]} h5 {[%emt 0:06:34]} 20. Rad1 {[%emt 0:02:42]} Rac8 {[%emt 0:05:45]} 21. Rd3 {[%emt 0:04:02]} b5 {[%emt 0:04:12]} 22. Rf3 {[%emt 0:04:29]} Qe6 {[%emt 0:00:05]} 23. Qd3 {[%emt 0:02:31]} Qd6 {[%emt 0:06:40]} 24. cxb5 {[%emt 0:06:24]} cxb5 {[%emt 0:00:20]} 25. Qxb5 {[%emt 0:00:18]} Ra8 {[%emt 0:03:19]} 26. a3 {[%emt 0:04:43]} Reb8 {[%emt 0:04:59]} 27. Qd3 {[%emt 0:10:50]} Rb7 {[%emt 0:02:10]} 28. Bb4 {[%emt 0:03:21]} Qd5 {[%emt 0:01:02]} 29. Qc2 {[%emt 0:04:31]} e6 {[%emt 0:00:39]} 30. Bc3 {[%emt 0:01:35]} Rc7 {[%emt 0:01:52]} 31. Rg3 {[%emt 0:05:54]} Raa7 {[%emt 0:02:32]} 32. Qd3 {[%emt 0:04:14]} Rab7 {[%emt 0:05:10]} 33. Nxg6 {[%emt 0:00:56]} fxg6 {[%emt 0:00:07]} 34. Re5 {[%emt 0:00:18]} Qc4 {[%emt 0:01:27]} 35. Qxg6 {[%emt 0:00:28]} Rf7 {[%emt 0:00:05]} 36. Rc5 {[%emt 0:02:50]} Qe2 {[%emt 0:02:17]} 37. d5 {[%emt 0:05:11]} Kf8 {[%emt 0:06:49]} 38. Rc8+ {[%emt 0:04:10]} Ke7 {[%emt 0:00:03]} 39. dxe6 {[%emt 0:00:55]} Qd1+ {[%emt 0:00:48]} 40. Kh2 {[%emt 0:00:10]} Kxe6 {[%emt 0:00:13]} 41. Re8+ {[%emt 0:32:11]} Rbe7 {[%emt 0:31:45]} 42. Re3+ {[%emt 0:00:29]} Kd7 {[%emt 0:00:05]} 43. R8xe7+ {[%emt 0:00:07]} Rxe7 {[%emt 0:00:03]} 44. Rxe7+ {[%emt 0:00:19]} Kxe7 {[%emt 0:00:03]} 45. Qxg7+ {[%emt 0:00:06]} 1-0

[Event "49th Rilton Cup 2019-20"]
[Site "Stockholm"]
[Date "2020.01.03"]
[Round "7.1"]
[White "Nesterov, Arseniy"]
[Black "Moradiabadi, Elshan"]
[Result "1/2-1/2"]
[WhiteElo "2482"]
[BlackElo "2539"]
[Annotator "TA"]
[PlyCount "60"]
[EventDate "2019.12.27"]
[EventType "swiss"]
[EventCountry "SWE"]
[SourceTitle "playchess.com"]
[Source "ChessBase"]
[SourceQuality "1"]

{[%evp 9,60,22,21,1,0,-12,13,21,29,29,44,22,27,19,15,21,28,30,14,18,23,13,16,15,15,16,14,0,17,17,19,7,12,16,16,8,8,8,20,20,8,8,8,9,9,1,1,1,1,1,1,1,9]} 1. d4 Nf6 2. c4 e6 3. Nf3 d5 4. Nc3 dxc4 5. e4 Bb4 6. Bxc4 {D24: Queen's Gambit Accepted: 3 Nf3 Nf6 4 Nc3} Nxe4 7. O-O Nf6 8. Qa4+ Nc6 9. Ne5 a5 (9... Bd6 10. Nxc6 bxc6 11. Qxc6+ Bd7 12. Qf3 O-O 13. Bg5 Rb8 {1-0 (45) Giri,A (2780)-Duda,J (2730) chess.com INT 2019}) 10. d5 exd5 11. Nxc6 bxc6 {[#]} 12. Nxd5 $1 {[%mdl 576] Decoy} Nxd5 13. Qxc6+ {[%mdl 64] Double Attack} Bd7 $1 {[%cal Rd7c6]} 14. Qxd5 {[%csl Gc4][%cal Rd5f7] [#]} O-O $146 15. Bf4 Be6 {The position is equal.} 16. Qxd8 (16. Qe4 {feels hotter.} Bxc4 17. Qxc4 Qf6 18. b3 c5 19. Rac1) 16... Raxd8 17. Bxe6 fxe6 18. Be3 Rd5 19. Rac1 Bd6 20. Rc4 Rb5 21. b3 {[%cal Bb2b3,Bb3a4][%mdl 32]} Ra8 22. Rd1 a4 23. bxa4 Rb2 24. a3 Ra2 25. Bc5 Bxc5 26. Rxc5 Rxa3 27. Rxc7 {Strongly threatening h3.} R3xa4 28. g3 Ra1 29. Rxa1 Rxa1+ 30. Kg2 Kf8 {Accuracy: White = 63%, Black = 72%.} 1/2-1/2

[Event "49th Rilton Cup 2019-20"]
[Site "Stockholm"]
[Date "2020.01.03"]
[Round "7.2"]
[White "Urkedal, Frode Olav Olsen"]
[Black "Meshkovs, Nikita"]
[Result "1/2-1/2"]
[WhiteElo "2545"]
[BlackElo "2558"]
[Annotator "TA"]
[PlyCount "106"]
[EventDate "2019.12.27"]
[EventType "swiss"]
[EventCountry "SWE"]
[SourceTitle "playchess.com"]
[Source "ChessBase"]
[SourceQuality "1"]

{[%evp 17,106,26,22,30,39,25,36,8,10,8,17,8,8,8,9,9,17,9,12,7,15,0,0,0,0,0,0,0,0,0,22,5,7,0,0,0,0,0,0,0,0,0,0,-5,-9,-26,-31,-50,-19,-20,-15,-56,-60,-56,-16,-169,-50,-50,-50,-106,-106,-106,-111,-106,-106,-106,-106,-142,-135,-444,-418,-381,-352,-616,-572,-989,-970,-1281,-1159,-952,-735,-29961,-29962,-29972,-29973,-29973,-29974,-29982,-29983,-29983,-29984]} 1. d4 Nf6 2. c4 e6 3. Nf3 b6 4. g3 Bb7 5. Bg2 Bb4+ 6. Bd2 Bxd2+ 7. Qxd2 O-O 8. Nc3 Ne4 9. Nxe4 Bxe4 10. O-O {E16: Queen's Indian: 4 g3 Bb7 5 Bg2 Bb4+} f5 11. Rad1 Qf6 12. Ne1 {White is slightly better.} Bxg2 13. Nxg2 d6 14. Rfe1 Nd7 15. e4 fxe4 16. Rxe4 e5 17. Rde1 Qf7 {[#]} 18. b3 $146 Rae8 19. f4 {[%cal Rf4e5]} Nf6 20. R4e2 {[%cal Rd4e5]} exd4 21. Qxd4 Rxe2 22. Rxe2 a5 23. Qd3 Qh5 24. Re7 Rf7 25. Rxf7 Kxf7 26. Nh4 Qc5+ 27. Kg2 Qc6+ 28. Nf3 h6 29. h3 a4 30. bxa4 Qxa4 31. Qb3 Qe8 {...Qe2+ is the strong threat.} 32. Qd3 Qe4 (32... Qa8 {with more complications.} 33. Qb1 Kf8 34. Qc2 c5 35. g4 Qe4) 33. Qxe4 Nxe4 $11 {[%mdl 4096] Endgame KN-KN} 34. a3 c5 35. g4 $1 Ke6 {Black wants to play ...d5.} 36. Kf1 $2 (36. Nh4 $1 $11 {and White has nothing to worry.}) 36... Nc3 (36... d5 $19 37. f5+ Kd6 38. cxd5 Kxd5) 37. Nd2 $15 d5 38. Kf2 ({White should try} 38. Ke1 $1 $15) 38... dxc4 $17 39. Nxc4 b5 40. Nd2 Kd5 $1 {And now ...Ne4+ would win.} 41. Ke3 Nd1+ $1 42. Ke2 {[#]} Nb2 $1 43. h4 $2 {[%mdl 8192] [#]} (43. Nf1 $17 {is a better chance.}) 43... Nc4 $1 $19 {[%cal Rc4d2] White must now prevent ...Nxd2.} 44. Nb1 Kd4 45. h5 $2 (45. f5 Nd6 46. Nd2) 45... Nd6 46. g5 Ne4 47. gxh6 gxh6 48. Kd1 Kd3 49. a4 bxa4 {Black mates.} 50. f5 Nf6 51. Kc1 Nxh5 52. Kb2 Nf6 53. Ka3 h5 {[%mdl 32768] Accuracy: White = 36%, Black = 78%. . An unexpected result.} 1/2-1/2

[Event "49th Rilton Cup 2019-20"]
[Site "Stockholm"]
[Date "2020.01.03"]
[Round "7.3"]
[White "Quesada Perez, Luis Ernesto"]
[Black "Kollars, Dmitrij"]
[Result "0-1"]
[WhiteElo "2499"]
[BlackElo "2584"]
[Annotator "TA"]
[PlyCount "54"]
[EventDate "2019.12.27"]
[EventType "swiss"]
[EventCountry "SWE"]
[SourceTitle "playchess.com"]
[Source "ChessBase"]
[SourceQuality "1"]

{[%evp 12,54,22,18,9,12,14,0,6,0,0,-8,0,-16,-4,-18,-19,-22,-18,-28,-18,-27,-23,-164,-159,-168,-168,-175,-172,-162,-175,-168,-152,-218,-227,-309,-275,-300,-297,-281,-294,-294,-295,-766,-759]} 1. d4 Nf6 2. c4 e6 3. Nc3 Bb4 4. Qc2 d5 5. a3 Bxc3+ 6. Qxc3 dxc4 7. Qxc4 b6 {E36: Nimzo-Indian: Classical: 4...d5 5 a3} 8. Bg5 (8. Nf3 Ba6 9. Qc2 h6 10. Bf4 O-O 11. Rd1 Nbd7 12. g3 Rc8 13. Bg2 Nd5 14. O-O c5 15. Bd6 cxd4 {½-½ (45) Mamedyarov,S (2808)-Anand,V (2759) Leuven 2018}) 8... Ba6 9. Qa4+ (9. Bxf6 {feels hotter.} Qxf6 10. Qa4+ c6 11. Nf3 Bb5 12. Qb4) 9... Qd7 {The position is equal.} 10. Qxd7+ Nbxd7 11. Rc1 c5 12. Nf3 Rc8 13. e3 Bxf1 14. Rxf1 Ne4 $146 ({Predecessor:} 14... h6) 15. Bh4 f6 16. Ke2 g5 17. Kd3 {[#]} (17. Bg3 $1 $11 {and White has nothing to worry.}) 17... c4+ $1 $19 {[%mdl 512]} 18. Rxc4 Rxc4 19. Kxc4 {next Kd3 is good for White.} gxh4 20. Kd3 f5 21. Nxh4 Ndf6 22. h3 (22. Ke2 $17 {was worth a try.}) 22... Rg8 23. g3 Ke7 24. Nf3 h5 25. Ne5 Rc8 26. Ng6+ Kd6 27. a4 $2 {[#]} (27. Ne5) 27... Nd5 {Accuracy: White = 29%, Black = 83%.} 0-1

[Event "49th Rilton Cup 2019-20"]
[Site "Stockholm"]
[Date "2020.01.03"]
[Round "7.4"]
[White "Miezis, Normunds"]
[Black "Volkov, Sergey"]
[Result "0-1"]
[WhiteElo "2486"]
[BlackElo "2578"]
[Annotator "TA"]
[PlyCount "100"]
[EventDate "2019.12.27"]
[EventType "swiss"]
[EventCountry "SWE"]
[SourceTitle "playchess.com"]
[Source "ChessBase"]
[SourceQuality "1"]

{[%evp 9,102,4,18,24,32,-38,-37,-52,-50,-102,-93,-88,-75,-112,-96,-81,-76,-90,-92,-96,-78,-82,-74,-64,-57,-81,-74,-174,-150,-177,-100,-76,-64,-82,0,-73,-77,-58,-63,-67,-46,-58,-40,-35,-25,-27,-43,-53,0,0,0,0,0,0,0,0,0,0,0,-23,-35,-25,0,-129,-95,-287,-281,-226,-187,-213,-206,-238,-237,-335,-333,-265,-285,-372,-360,-330,-295,-565,-547,-576,-576,-573,-566,-576,-576,-576,-572,-536,-524,-548,-505]} 1. c4 e5 2. g3 Nf6 3. Bg2 c6 4. d4 e4 5. Nh3 (5. Bg5 d5 6. Bxf6 Bb4+ 7. Nc3 Qxf6 8. e3 Bxc3+ 9. bxc3 Qe7 10. cxd5 cxd5 11. Ne2 Be6 12. O-O Nd7 {½-½ (39) So,W (2760)-Giri,A (2776) Bucharest 2019}) 5... d5 6. O-O $146 {A20: English Opening: 1...e5} ({Predecessor:} 6. cxd5 cxd5 7. O-O Bd6 8. Nc3 Nbd7 9. Qb3 Nb6 10. a4 Be6 11. Nf4 O-O 12. Nxe6 fxe6 {1-0 (27) Lenderman,A (2585)-Ragnarsson,D (2355) Sault Ste Marie 2017}) 6... dxc4 7. Nc3 (7. Ng5 $14) 7... h6 $1 $15 8. f3 {Black is slightly better.} exf3 9. exf3 (9. Rxf3 $15 Be7 10. Rf1) 9... Be7 $17 10. Qe2 O-O 11. Rd1 Be6 (11... b5 {looks sharper.} 12. a4 b4 13. Ne4 Ba6 14. Nf4 Re8) 12. Nf4 Bd5 13. Nfxd5 cxd5 14. Bf4 Nc6 15. Be5 Re8 16. f4 Bb4 17. Qc2 {Black should prevent Bxf6.} Bxc3 18. bxc3 {[#]} (18. Bxf6 $17 {might work better.} Qxf6 19. bxc3) 18... Ne4 $1 $19 {[%mdl 512]} 19. Rab1 (19. Bxe4 dxe4) 19... f6 ({Better is} 19... Qd7 $1 $19 20. Bxe4 dxe4) 20. Rxb7 $17 Re7 21. Rb5 {[%cal Bb7b5,Bb5d5,Bd5d6,Bd6a6][%mdl 32]} Rc8 ({Black should play} 21... fxe5 $17 22. Bxe4 dxe4 23. fxe5 Rb8 24. Rxb8 Qxb8 25. Qxe4 Qd6 $1 {[%mdl 512]}) 22. Bxe4 (22. Bh3 $1 $11 fxe5 23. dxe5 Nxe5 24. fxe5) 22... dxe4 23. Qxe4 fxe5 24. fxe5 a6 25. Rd5 Qe8 26. Rd6 Na7 {White must now prevent ...Nb5.} 27. Rxa6 Nb5 28. Rc1 Kh8 (28... Nc7 $15 29. Rb6 Qd7) 29. a4 $1 $11 {[%cal Ra4b5]} Nc7 30. Rc6 Ne6 $36 {[%mdl 2048] Black fights for an advantage.} 31. Rxc8 Qxc8 32. h4 Nc7 33. Rf1 Qd8 34. a5 Nd5 35. Rf3 Ra7 36. Qe2 (36. e6 $1 $11) 36... Qc8 $17 ({But not} 36... Qxa5 $6 37. Rf8+ Kh7 38. h5 $11) 37. Qf1 $2 (37. Qa2 $17) 37... Kg8 $19 38. Qa1 Qc6 39. Qa3 Ra8 40. Kh2 h5 41. Qd6 (41. Qa2 {keeps fighting.}) 41... Qxd6 42. exd6 Rxa5 {[%mdl 4096] Endgame KRN-KR} 43. d7 Ra8 44. Rf5 {[#]} Nf6 $1 ({Don't blunder} 44... Nxc3 $2 45. Rc5 $18) 45. Rc5 $2 (45. Ra5 {was the only chance.} Rd8 46. Rc5 Rxd7 47. Rxc4) 45... Nxd7 {Black is clearly winning.} 46. Rxc4 Ra2+ 47. Kg1 Nf6 48. Rc8+ Kf7 49. Rc7+ Kg6 50. c4 Ra3 {Played: Ra2-c2} 0-1

[Event "49th Rilton Cup 2019-20"]
[Site "Stockholm"]
[Date "2020.01.03"]
[Round "7.5"]
[White "Thybo, Jesper Sondergaard"]
[Black "Keinanen, Toivo"]
[Result "1/2-1/2"]
[WhiteElo "2576"]
[BlackElo "2447"]
[Annotator "TA"]
[PlyCount "119"]
[EventDate "2019.12.27"]
[EventType "swiss"]
[EventCountry "SWE"]
[SourceTitle "playchess.com"]
[Source "ChessBase"]
[SourceQuality "1"]

{[%evp 18,119,14,16,28,13,13,6,8,7,13,11,11,18,5,13,16,10,16,9,13,13,13,13,13,13,7,7,27,25,25,10,33,25,41,28,40,39,31,37,36,36,40,34,42,45,72,73,81,60,120,117,94,104,137,133,127,117,127,128,120,137,131,124,151,144,136,111,121,134,133,122,127,131,206,199,175,175,168,105,292,200,175,170,204,102,126,124,124,110,173,167,211,0,0,0,0,0,0,0,0,0,0,0]} 1. d4 d5 2. Nf3 Nf6 3. g3 e6 4. Bg2 Be7 5. O-O O-O 6. c4 c6 ({Predecessor:} 6... Nbd7 7. Qc2 {½-½ (65) Dziuba,M (2558)-Kjartansson,G (2474) Reykjavik 2016}) 7. Qc2 Nbd7 8. Nbd2 b6 9. e4 dxc4 10. Nxc4 Bb7 {E09: Closed Catalan: Main Line: 7 Qc2 c6 8 Nbd2} 11. Bf4 $146 (11. Bg5 b5 12. Bxf6 Nxf6 13. Ncd2 Rc8 14. e5 Nd7 15. a4 {½-½ (15) Swiercz,D (2649)-Cori Tello,J (2660) Columbus 2017}) 11... c5 12. Rfe1 cxd4 13. Nd6 Bxd6 14. Bxd6 d3 15. Qxd3 Bxe4 $1 16. Qd4 e5 $1 {[%cal Re5d4]} 17. Qa4 Re8 $1 18. Rad1 ({Much weaker is} 18. Rxe4 b5 $17) 18... Bxf3 19. Bxf3 e4 $1 {[%cal Re4f3]} 20. Bxe4 Nxe4 21. Rxe4 {[#] Strongly threatening Be5.} Rxe4 22. Qxe4 Nf6 23. Qf3 {Black must now prevent Be5.} Rc8 24. Bb4 Qe8 25. Bc3 Qe4 26. Kg2 Qxf3+ 27. Kxf3 $11 {[%mdl 4096] Endgame KRB-KRN} Kf8 28. g4 h6 29. h4 Rc4 30. Rd8+ Ke7 31. Ra8 a5 32. Ra7+ Ke8 33. Rb7 h5 (33... Nxg4 $14 34. Bxg7 (34. Rxb6 g6 $14) 34... f6) 34. gxh5 $16 {Hoping for h6.} Rxh4 35. Rxb6 Rxh5 36. Ra6 Rf5+ 37. Ke2 Ne4 38. Be1 Re5 {And now ...Nc5+ would win.} 39. Kf1 Rd5 40. Bxa5 g5 41. f3 Nc5 42. Ra7 f5 43. Bc3 Ne6 44. Kf2 Nf4 45. a4 Rd3 (45... Kd8 $16 {was called for.} 46. a5 Kc8) 46. Rg7 $18 Rd7 47. Rg8+ Kf7 48. Rc8 (48. Rh8 $18) 48... Rb7 $2 (48... Rd1 $16 49. a5 Nd5) 49. Rd8 Ke6 50. Re8+ Re7 51. Rf8 (51. Rxe7+ $18 Kxe7 52. b4) 51... Nd5 52. Bd4 Rb7 {[#]} 53. Re8+ $1 Kd6 (53... Kd7 $16 54. Re5 Ne7) 54. a5 Rb4 55. a6 $2 (55. Rd8+ $18 Ke6 56. a6 Rxd4 57. a7) 55... Rxd4 $11 {The position is equal.} 56. a7 Nc7 {Threatens to win with ...Ra4.} 57. Rd8+ Ke5 58. Rc8 Rd2+ 59. Kg3 Rxb2 60. Rxc7 {Accuracy: White = 73%, Black = 63%.} 1/2-1/2

[Event "49th Rilton Cup 2019-20"]
[Site "Stockholm"]
[Date "2020.01.03"]
[Round "7.6"]
[White "Gagare, Shardul"]
[Black "Kulaots, Kaido"]
[Result "1/2-1/2"]
[WhiteElo "2468"]
[BlackElo "2538"]
[Annotator "TA"]
[PlyCount "36"]
[EventDate "2019.12.27"]
[EventType "swiss"]
[EventCountry "SWE"]
[SourceTitle "playchess.com"]
[Source "ChessBase"]
[SourceQuality "1"]

{[%evp 15,36,8,12,0,0,4,10,4,14,0,0,-14,0,-7,0,-10,-10,-12,0,0,0,-18,0]} 1. Nf3 Nf6 2. c4 b6 3. g3 Bb7 4. Bg2 g6 5. b3 Bg7 6. Bb2 O-O 7. O-O e6 8. d4 d5 {The position is equal.} 9. cxd5 {D77: Fianchetto Grünfeld: 6 0-0: Replies other than 6...c6} exd5 10. Nc3 Qe7 11. Ne5 $146 ({Predecessor:} 11. Rc1 Na6 12. Ne5 c5 13. f4 cxd4 14. Qxd4 Rfd8 15. e3 Nc7 16. Rfe1 Ne6 17. Qa4 Nc5 18. Qb4 Nfd7 19. Na4 Nxe5 20. fxe5 Bf8 21. Nxc5 bxc5 {1-0 (53) Tisdall,J (2510)-Agdestein,S (2585) Reykjavik 1996}) 11... Rd8 12. Qc2 Na6 13. Rac1 c5 14. e3 Rac8 15. Bh3 Rb8 16. Bg2 Rbc8 17. Bh3 Rb8 18. Bg2 Rbc8 {Accuracy: White = 56%, Black = 44%.} 1/2-1/2